| 000 | 00542nam a2200217Ia 4500 | ||
|---|---|---|---|
| 003 | OSt | ||
| 005 | 20221005121328.0 | ||
| 006 | a|||||r|||| 00| 0 | ||
| 007 | ta | ||
| 008 | 221004b |||||||| |||| 00| 0 ben d | ||
| 024 | _a46525 | ||
| 037 | _cTextual | ||
| 040 |
_aCRL _cCRL _bben |
||
| 041 |
_2ben _aben |
||
| 082 | _aO157,3M82,4, 156K3 | ||
| 100 |
_aSengupta _9205960 |
||
| 245 | 0 | _aGurudas | |
| 650 | _aGUJRATI LITERATURE | ||
| 942 |
_hO157,3M82,4, 156K3 _cTEXL _2cc |
||
| 999 |
_c1040799 _d1040799 |
||